| 000 | 01020cas a2200325 i 4500 | ||
|---|---|---|---|
| 999 |
_c200442523 _d60735 |
||
| 003 | TR-AnTOB | ||
| 005 | 20230821102805.0 | ||
| 007 | ta | ||
| 008 | 100626c20199999njuqr00 0 eeng | ||
| 022 | _22640205x | ||
| 035 | _a25059 | ||
| 040 |
_aTR-AnTOB _beng _erda _cTR-AnTOB |
||
| 041 | 0 | _aeng | |
| 050 | 1 | _aHB1 | |
| 099 | _aJOURNAL AMER INS | ||
| 245 | 1 | 4 |
_aThe American economic review : _bInsights. |
| 246 | _aThe American economic review : insights | ||
| 264 | 1 |
_aPrinceton, N.J. : _bAmerican Economic Association, _c2019- |
|
| 300 |
_avolumes : _billustrations ; _c25 cm |
||
| 310 | _aquarterly | ||
| 336 |
_2rdacontent _atext _btxt |
||
| 337 |
_2rdamedia _aunmediated _bn |
||
| 338 |
_2rdacarrier _avolume _bnc |
||
| 362 | _avolume (1), issue (1), 2019- | ||
| 650 | 0 |
_aEkonomi _vSüreli yayınlar _xSüreli yayınlar. _920281 |
|
| 650 |
_aEconomics _vPeriodicals _xPeriodicals. _969400 |
||
| 710 | 2 | 2 |
_aAmerican Economic Association _eissuing body _920278 |
| 942 |
_cCR _2lcc _s1 |
||